00605nam a22001697a 4500020001800000082001400018100002500032245003800057250001200095260004000107300002500147500002000172650006600192942000700258999001700265952015300282 a9780070702080 a005.8 FOR aForouzan, Behrouz A. aCryptography and network security a2nd ed. aNew Delhi, IndiabMcGraw Hillc2010 axxiv, 702 p.bill. ; aIncludes index. a1. Computer networks -- Security measures. 2. Cryptography.  cBK c12488d12488 001040708NFICaCLbCLcAId2013-12-27eMulti-Line Booksg744.25l5m1o005.8 FORpSEECS012895q2023-11-19r2023-10-20s2023-10-20w2014-01-04yBK